End of the chapter. (Record no. 133338)
[ view plain ]
| 000 -LEADER | |
|---|---|
| fixed length control field | 00555cam4a220019300 4500 |
| 001 - CONTROL NUMBER | |
| control field | tmp15564972 |
| 003 - CONTROL NUMBER IDENTIFIER | |
| control field | UPRA |
| 005 - DATE AND TIME OF LATEST TRANSACTION | |
| control field | 20190822114716.0 |
| 008 - FIXED-LENGTH DATA ELEMENTS--GENERAL INFORMATION | |
| fixed length control field | 950912s1948 at eng u |
| 035 ## - SYSTEM CONTROL NUMBER | |
| System control number | (Sirsi) r87369 |
| 035 ## - SYSTEM CONTROL NUMBER | |
| System control number | (UPRA)tmp15564972 |
| 040 ## - CATALOGING SOURCE | |
| Transcribing agency | UPRA |
| 100 1# - MAIN ENTRY--PERSONAL NAME | |
| Personal name | Galsworthy, John, 1867-1933. |
| Dates associated with a name | Galsworthy, John, 1867-1933. |
| Linkage | A5652.1 |
| 245 10 - TITLE STATEMENT | |
| Title | End of the chapter. |
| 260 ## - PUBLICATION, DISTRIBUTION, ETC. | |
| Place of publication, distribution, etc. | Melbourne : |
| Name of publisher, distributor, etc. | Heinemann, |
| Date of publication, distribution, etc. | [1948] |
| 500 ## - GENERAL NOTE | |
| General note | First published in 1935. |
| 949 ## - LOCAL PROCESSING INFORMATION (OCLC) | |
| a | PR6012.A5 |
| w | lcc |
| i | -121675 |
| m | MAIN |
| t | BOOK |
| l | ON-SHELF |
No items available.